Tilastot visalle NHL joukkueiden kaupungit

Klikkaa tästä pelataksesi tätä visaa!

Yleistilastot

  • Tätä visaa on pelattu 129 kertaa
  • Keskiarvotulos 29 / 32

Vastaustilastot

HintVastaus% Oikein
ducksanaheim
97%
bruinsboston
95%
kingslos angeles
95%
islandersnew york
95%
rangersnew york
95%
avalanchecolorado
94%
capitalswashington
94%
blackhawkschicago
93%
starsdallas
93%
oilersedmonton
93%
maple leafstoronto
93%
panthersflorida
92%
canadiensmontreal
92%
sabresbuffalo
91%
flamescalgary
91%
hurricanescarolina
91%
red wingsdetroit
91%
coyotesarizona
89%
penguinspittsburg
89%
krakenseattle
89%
golden knightsvegas
89%
jetswinnipeg
89%
wildminnesota
88%
predatorsnashville
88%
senatorsottawa
88%
devilsnew jersey
87%
sharkssan jose
86%
lightningtampa
86%
canucksvancouver
85%
blue jacketscolumbus
84%
flyersphiladelphia
82%
bluesst louis
80%

Tulosjakauma

Persentiili vastausten määrän mukaan

Jokaisen tuloksen saaneiden osuus

Tuloshistoriasi

Et ole pelannut tätä visaa